Dvadsaťročie ZSE Praha

Podrobná bibliografia
Médium: Článok
Jazyk:slovenčina
Fyzický popis:Obr. 3.
Predmet:

MARC

LEADER 00000nab a2200000 a 4500
001 vtls000000380
003 SK-MaSNL
005 20260303021440.0
008 111103c1978 xo 0 slo
015 |a SNBRB19rr/mm-uuuuu 
035 |a CL0010472 
040 |a SNKBUCL  |b slo  |c SNKBUCL  |e AACR2 
041 0 |a slo 
044 |a xo  |c SK 
080 |a 621.3  |2 1981 
245 0 0 |a Dvadsaťročie ZSE Praha 
300 |b Obr. 3. 
650 0 7 |a elektrotechnický priemysel  |2 snkbucl  |9 75359 
650 0 7 |a Závody silnoprúdovej elektrotechniky (Praha, Česko)  |2 snkbucl  |9 1002427 
651 7 |a 3100  |2 snkbucl  |9 920766 
655 7 |a články z novín a časopisov  |2 snkbucl  |9 267496 
773 0 |t Technické noviny  |g Roč. 26, č. 22 (30. 5. 1978), s. 21 
850 |a Slovenská národná knižnica v Martine  |a MTA001 
852 |a SNK  |b KIS3GCP 
958 |a RK 
992 |a RBX 
999 |c 1623313  |d 1625243